ATP Masters 1000 Locations - Sudden Death - Statistics

General Stats
  • This quiz has been taken 59 times
  • The average score is 7 of 9
Answers on the Grid
Answers color-coded by a green-red scale on the quiz's grid according to % correct below.
Halle
Rome
Barcelona
Beijing
Vienna
Paris
Winston Salem
Toronto
Cincinnati
Queen's Club
Indian Wells
Miami
Shanghai
Doha
Tokyo
Rio de Janeiro
Monte Carlo
Munich
Dubai
Basel
Acapulco
Madrid
Rotterdam
Hamburg
 
Answer Stats
Answer % Correct
Rome
91%
Paris
87%
Indian Wells
83%
Shanghai
80%
Toronto
80%
Madrid
78%
Cincinnati
76%
Miami
76%
Monte Carlo
74%
No matching quizzes found
Score Distribution
Percent of People with Each Score
Percentile by Number Answered
Your Score History
You have not taken this quiz